[Event "TCh-CRO u20"]
[Site "Rabac CRO"]
[Date "2004.09.13"]
[Round "9"]
[White "Drmic,T"]
[Black "Rukavina,Dar"]
[Result "0-1"]
[WhiteElo "2165"]
[BlackElo "2086"]

1.e4 c5 2.c3 Nf6 3.e5 Nd5 4.d4 cxd4 5.Nf3 Nc6 6.cxd4 d6 7.Bc4 Nb6 8.Bb3 dxe5
9.d5 Na5 10.Nc3 f6 11.Bc2 g6 12.Qe2 Nac4 13.O-O Bg7 14.a4 Nd6 15.a5 Nd7 16.Nh4 f5
17.Nf3 Nf7 18.h4 e4 19.Ng5 Nxg5 20.hxg5 Ne5 21.Bf4 O-O 22.Rfd1 Nf7 23.Qc4 Nd6
24.Qb3 Bd7 25.Ne2 Rc8 26.Rdc1 Bb5 27.Nc3 Bc4 28.Qb4 Bxc3 29.bxc3 Bxd5 30.Rd1 Bf7
31.Bb3 Qc7 32.Bxd6 exd6 33.Rxd6 Qxc3 34.Bxf7+ Rxf7 35.Qa4 Qe5 36.Rad1 f4
37.R1d5 Rc1+ 38.Kh2 Qa1 39.Qe8+ Kg7 40.Qe5+ Qxe5 41.Rxe5 e3 42.fxe3 fxe3
43.Rdd5 Rc3 44.Rd8 h6 45.gxh6+ Kxh6 46.Rd6 Rc6 47.Rd3 Rf5 48.Rdxe3 Rxe5 49.Rxe5 b6
50.Re7 bxa5 51.Rxa7 Rc5 52.Ra6 Kg5 53.Ra8 Kg4 54.Ra6 g5 55.Rf6 Rf5 56.Rc6 Kf4
57.Ra6 Ke4 58.Kg3 Kd4 59.Kg4 Rc5 60.Rb6 Kc3 61.Rb1 a4 62.Rc1+ Kb4 63.Rb1+ Kc4
64.Rc1+ Kb5 65.Rb1+ Ka5 66.Ra1 Rd5 67.g3 Kb4 68.Rb1+ Kc3 69.Rb8 Ra5 70.Rc8+ Kb4
71.Rb8+ Rb5 72.Re8 a3 73.Re3 a2 74.Re4+ Ka3 75.Re1 Rb1 76.Re3+ Ka4 77.Re8 Rb5
78.Re1 Rb1 79.Re8 a1=Q 80.Ra8+ Kb5 81.Rxa1 Rxa1 82.Kxg5 Kc5 83.g4 Rg1 84.Kf5 Kd6
85.g5 Ke7 86.Kg6 Kf8  0-1

[Event "TCh-SCG Men"]
[Site "Budva SCG"]
[Date "2004.09.18"]
[Round "10"]
[White "Markovic,Iv SCG"]
[Black "Jakovljevic,Vlado"]
[Result "1-0"]
[WhiteElo "2485"]
[BlackElo "2426"]

1.e4 c5 2.c3 Nf6 3.e5 Nd5 4.Nf3 Nc6 5.Bc4 Nb6 6.Bb3 d5 7.exd6 Qxd6 8.Na3 Be6
9.d4 c4 10.Bc2 g6 11.Qe2 Bd5 12.Nb5 Qd7 13.Bf4 Rc8 14.Nd6+ Kd8 15.Nxc8 Nxc8
16.Ng5 Nd6 17.f3 b6 18.O-O Bg7 19.Be4 h6 20.Bxd5 hxg5 21.Bxc6 Qxc6 22.Bxg5 Qd5
23.Bxe7+ Kd7 24.Bxd6  1-0

[Event "Tch-FIN 2004-5"]
[Site "Finland FIN"]
[Date "2004.09.18"]
[Round "1"]
[White "Kiik,K"]
[Black "Agopov,M"]
[Result "1/2-1/2"]
[WhiteElo "2436"]
[BlackElo "2393"]

1.e4 c5 2.c3 Nf6 3.e5 Nd5 4.d4 cxd4 5.Nf3 Nc6 6.cxd4 d6 7.Nc3 Nxc3 8.bxc3 e6
9.Bd3 dxe5 10.dxe5 b6 11.O-O Bb7 12.Qc2 Rc8 13.Bf4 Nb4 14.Bb5+ Bc6 15.Bxc6+ Nxc6
16.Rad1 Qc7 17.Rd2 Be7 18.Rfd1 Rd8 19.Rxd8+ Bxd8 20.Qa4 O-O 21.Rd6 Nb8 22.h4 Be7
23.Rd3 Rc8 24.Bg5 Bf8 25.h5 h6 26.Bd2 Qc4 27.Qxc4 Rxc4 28.Rd8 Nc6 29.Ra8 Ra4
30.Be3 Rc4 31.Bd4 Nxd4 32.cxd4 Ra4 33.g3 Rxa2 34.d5 exd5 35.Nd4 Ra1+ 36.Kg2 Rc1
37.f4 Rc4 38.Nf5 Rc7 39.Kf3 b5 40.Nd4 b4 41.Ke2 Rb7 42.Nb3 Rc7 43.Kd2 Rc3
44.Nd4 Rc4 45.Nb3 Rc3 46.f5 g6 47.hxg6 Rxb3 48.f6 Rxg3 49.g7 Rxg7 50.fxg7 Kxg7
51.Rxa7 Kg6 52.Kd3 Bc5 53.Ra5 Bg1 54.Ra1 Bc5 55.Rf1 h5 56.Rf6+ Kg7 57.Rc6 Bg1
58.Rc1 Bb6 59.Ke2 Bd4 60.Rd1  1/2-1/2

[Event "ProMoPro Open"]
[Site "Prague CZE"]
[Date "2004.09.18"]
[Round "8"]
[White "Svoboda,V2"]
[Black "Sodoma,J"]
[Result "1/2-1/2"]
[WhiteElo "2042"]
[BlackElo "2203"]

1.e4 c5 2.c3 Nf6 3.e5 Nd5 4.d4 cxd4 5.Qxd4 e6 6.Nf3 Nc6 7.Qe4 d6 8.Nbd2 Qc7
9.Nc4 dxe5 10.Nfxe5 Be7 11.Bd3 Bf6 12.Nxc6 bxc6 13.O-O g6 14.Bh6 Bb7 15.Ne3 O-O-O
16.Nxd5 Rxd5 17.Be3 c5 18.Qc4 Rhd8 19.Be4 Rh5 20.Bxb7+ Kxb7 21.g3 Rhd5 22.Rab1 R8d7
23.Qa4 Qc6 24.Qa3 Kc8 25.b4 Be7 26.bxc5 Bxc5 27.Qb3 Kd8 28.Qc4 Kc7 29.Bxc5 Qxc5
30.Qb4 Qxb4 31.cxb4 Rd2 32.a4 Ra2 33.Ra1 Rdd2 34.Rac1+ Kb7 35.a5 Rab2 36.Rc4 f5
37.g4 e5 38.gxf5 gxf5 39.Rh4 Rd7 40.Re1 e4 41.Rf4 Rg7+ 42.Kf1 Rg5 43.Rd1 Kc6
44.Rd4 Rb1+ 45.Ke2 Rh5 46.h4 Rh1 47.Rc4+ Kd6 48.Rc5 Ke6 49.Rxe4+ Kd6 50.Rd4+ Ke6
51.Rcc4 Rb1 52.Rc7 Ke5 53.Rcd7 Rb2+ 54.Kd3 Rxf2 55.Re7+ Kf6 56.Rxa7 f4 57.a6 Rxh4
58.Rb7 Rh3+ 59.Kc4 Rc2+ 60.Kb5 f3 61.a7 Ra2 62.Rb6+ Ke5 63.Ra6 Rxa6 64.Kxa6 Kxd4
65.a8=Q Ke3 66.Qe8+ Kf4 67.Qe1 Rh2 68.b5 Ra2+ 69.Kb7 f2 70.Qe6 Kg3 71.Qxa2 f1=Q
72.Qg8+ Kh4 73.Qxh7+  1/2-1/2

[Event "TCh-SCG Men"]
[Site "Budva SCG"]
[Date "2004.09.19"]
[Round "11"]
[White "Miljanic,B"]
[Black "Jakovljevic,Vlado"]
[Result "0-1"]
[WhiteElo "2436"]
[BlackElo "2426"]

1.e4 c5 2.c3 Nf6 3.e5 Nd5 4.d4 cxd4 5.cxd4 d6 6.Nf3 Nc6 7.Bc4 Nb6 8.Bb5 dxe5
9.Nxe5 Bd7 10.Nxd7 Qxd7 11.O-O e6 12.Nc3 Be7 13.Qg4 O-O 14.Bh6 Bf6 15.Rad1 Nd5
16.Ne4 Qe7 17.h4 Rac8 18.Nxf6+ Qxf6 19.Bg5 Qf5 20.Qg3 Qg6 21.Qf3 h6 22.Bc1 Rfd8
23.a3 a6 24.Ba4 Nde7 25.Be3 Qf5 26.Qg3 Qf6 27.Qg4 Nf5 28.Bxc6 Rxc6 29.g3 Rc2
30.Rd2 Nxe3 31.fxe3 Qxf1+ 32.Kxf1 Rxd2  0-1

[Event "Tch-FIN 2004-5"]
[Site "Finland FIN"]
[Date "2004.09.19"]
[Round "2"]
[White "Kiik,K"]
[Black "Yrjola,J"]
[Result "1/2-1/2"]
[WhiteElo "2436"]
[BlackElo "2423"]

1.e4 c5 2.c3 Nf6 3.e5 Nd5 4.d4 cxd4 5.Nf3 e6 6.Qxd4 Nc6 7.Qe4 f5 8.Qe2 Qc7
9.g3 b5 10.Bg2 a5 11.O-O Ba6 12.Re1 Bc5 13.Nbd2 O-O 14.Nb3 Bb6 15.Nfd4 b4
16.Qd1 bxc3 17.Bxd5 exd5 18.Nxc6 Qxc6 19.bxc3 a4 20.Nd4 Qxc3 21.Be3 Bxd4
22.Bxd4 Qd3  1/2-1/2

[Event "Georgiev-Kesarovski Mem"]
[Site "Sunny Beach BUL"]
[Date "2004.09.19"]
[Round "2"]
[White "Jordanova Besheva,S"]
[Black "Petkov,V"]
[Result "0-1"]
[WhiteElo "2193"]
[BlackElo "2375"]

1.e4 c5 2.c3 Nf6 3.e5 Nd5 4.d4 e6 5.Nf3 cxd4 6.cxd4 d6 7.Bc4 Nc6 8.O-O Nb6
9.Bb3 dxe5 10.dxe5 Qxd1 11.Rxd1 Bd7 12.Nc3 Rc8 13.Ne4 Na5 14.Nd6+ Bxd6 15.Rxd6 Bc6
16.Rd4 Nxb3 17.axb3 Bxf3 18.gxf3 Nd5 19.Rc4 Ra8 20.Be3 Kd7 21.Bd4 a6 22.Kf1 Rhc8
23.Ke2 Rc6 24.Rg1 g6 25.Kd3 Rac8 26.Rd1 b5 27.Rxc6 Rxc6 28.Bc3 Kc7 29.Bd2 Kb6
30.Ra1 b4 31.Ra4 Kb5 32.Ra1 Rc5 33.f4 a5 34.Rc1 Rxc1 35.Bxc1 Ne7 36.Be3 Nc6
37.Bd2 Ne7 38.Be3 Nf5 39.Bd2 Nh4 40.Ke4 a4 41.bxa4+ Kxa4 42.Be3 Kb3 43.Bc5 Kc4
44.Bd4 Ng2 45.Bb6 Ne1 46.Bd4 Nc2 47.Bb6 Kb3 48.f5 gxf5+ 49.Kf4 h6  0-1

[Event "Georgiev-Kesarovski Mem"]
[Site "Sunny Beach BUL"]
[Date "2004.09.20"]
[Round "4"]
[White "Jordanova Besheva,S"]
[Black "Vasilev,M"]
[Result "1/2-1/2"]
[WhiteElo "2193"]
[BlackElo "2417"]

1.e4 c5 2.c3 Nf6 3.e5 Nd5 4.d4 cxd4 5.Nf3 e6 6.cxd4 d6 7.Bc4 Nb6 8.Bd3 N8d7
9.O-O dxe5 10.Nxe5 Bd6 11.Bf4 Bxe5 12.Bxe5 O-O 13.Nc3 Nxe5 14.dxe5 Bd7 15.Qh5 h6
16.Rad1 Qg5 17.Qe2 Bc6 18.f4 Qe7 19.Be4 Qc5+ 20.Qf2 Qxf2+ 21.Rxf2 Rac8 22.Bxc6 Rxc6
23.Ne4 Nd5 24.g3 Rfc8 25.Rfd2 Ra6 26.a3 Rb6 27.Kf2 Rb3 28.Re1 Kh7 29.Nd6 Rc7
30.Ree2 g5 31.f5 g4 32.fxe6 fxe6 33.Rxd5 exd5 34.e6 Re7 35.Nc8 Re8 36.Nd6 Re7
37.Nc8 Rc7 38.Nd6 Rf3+ 39.Ke1 Re7 40.Nc8 Re8 41.Nd6 Re7 42.Nc8 Rc7 43.Nd6  1/2-1/2

[Event "IMB Classic"]
[Site "Gausdal NOR"]
[Date "2004.09.23"]
[Round "1"]
[White "Blauert,J"]
[Black "Stokke,K"]
[Result "1/2-1/2"]
[WhiteElo "2356"]
[BlackElo "2192"]

1.e4 c5 2.c3 Nf6 3.e5 Nd5 4.d4 cxd4 5.Nf3 Nc6 6.Bc4 Nb6 7.Bb3 d5 8.exd6 Qxd6
9.Na3 dxc3 10.Qxd6 exd6 11.Nb5 Rb8 12.bxc3 a6 13.Be3 axb5 14.Bxb6 Be7 15.O-O Be6
16.Rfb1 b4 17.Bd4 Nxd4 18.cxd4 d5 19.Ba4+ b5 20.Bb3 O-O 21.Ne5 Rfc8 22.Rc1 Bg5
23.Rxc8+ Rxc8 24.Nd3 Bd2 25.Rd1 Bc3 26.Nf4 Rd8 27.h4 Kf8 28.Kf1 Ke7 29.Ke2 Kd6
30.Nxe6 fxe6 31.f4 Bb2 32.g3 Rc8 33.Rd2 Bc3 34.Rd1 g6 35.g4 Bb2 36.Rd2 Bc1
37.Rc2 Rxc2+ 38.Bxc2 Bxf4 39.h5 gxh5 40.gxh5 h6 41.Bg6 Kd7 42.Kd3 e5  1/2-1/2

[Event "IMA Classic"]
[Site "Gausdal NOR"]
[Date "2004.09.25"]
[Round "3"]
[White "Collins,S IRL"]
[Black "Saevareid,O"]
[Result "1/2-1/2"]
[WhiteElo "2387"]
[BlackElo "2188"]

1.e4 c5 2.c3 Nf6 3.e5 Nd5 4.d4 cxd4 5.Nf3 Nc6 6.cxd4 e6 7.Bc4 d6 8.O-O Be7
9.Qe2 O-O 10.Qe4 Bd7 11.Rd1 Rc8 12.Nbd2 Qb6 13.a3 Qa5 14.Ba2 Qc7 15.Nf1 Na5
16.Ng5 Qc2 17.exd6 Bxg5 18.Qxc2 Rxc2 19.Bxg5 Rxb2 20.Rd3 Rc2 21.Bxd5 exd5
22.Ne3 Rc6 23.Be7 Rfc8 24.Nxd5 Rc1+ 25.Rd1 Rxa1 26.Rxa1 Nb3 27.Rd1 Nxd4 28.Bg5 Ne2+
29.Kf1 Nc3 30.Ne7+ Kf8 31.Rc1 Rc5 32.Be3 Rc4 33.Ke1 b5 34.Bxa7 Ne4 35.Rxc4 bxc4
36.Nd5 Ke8 37.Bd4 f6 38.Nb6 Nxd6 39.Nxd7 Kxd7 40.a4 Kc6 41.f3 Nf5 42.Bf2 Ne7
43.Kd2 Nd5 44.g4 g6 45.Kc2 Kb7 46.Bd4  1/2-1/2

[Event "Monarch Assurance"]
[Site "Port Erin IOM"]
[Date "2004.09.25"]
[Round "1"]
[White "Hutchinson,N"]
[Black "Pym,T"]
[Result "0-1"]
[WhiteElo "2176"]
[BlackElo "2059"]

1.e4 c5 2.c3 Nf6 3.e5 Nd5 4.Nf3 Nc6 5.d4 cxd4 6.cxd4 d6 7.Bc4 Nb6 8.Bb5 d5
9.O-O Bg4 10.Nc3 Rc8 11.Bg5 h6 12.Be3 e6 13.a3 a6 14.Bd3 Be7 15.h3 Bxf3 16.Qxf3 O-O
17.Qg4 Kh8 18.Ne2 Nc4 19.Bc1 Qb6 20.Kh1 Qb3 21.Nf4 Bg5 22.Bb1 Nxd4 23.Nh5 Nxe5
24.Qxd4 Bxc1 25.Ba2 Qxb2 26.Qxb2 Bxb2 27.Rab1 Bxa3 28.Rxb7 Rc2 29.Bb1 Rb2
30.Ra7 Rfb8  0-1

[Event "ZAZ Cup"]
[Site "Zaporozhye UKR"]
[Date "2004.09.25"]
[Round "8"]
[White "Vysochin,S"]
[Black "Maximov,D"]
[Result "1-0"]
[WhiteElo "2599"]
[BlackElo "2400"]

1.e4 c5 2.c3 Nf6 3.e5 Nd5 4.Nf3 d6 5.d4 cxd4 6.cxd4 Nc6 7.Bc4 e6 8.O-O Be7
9.Qe2 O-O 10.Re1 Nb6 11.Bb3 dxe5 12.dxe5 Nd4 13.Nxd4 Qxd4 14.Nc3 Bd7 15.Rd1 Qc5
16.Be3 Qc7 17.Qg4 Bc6 18.Re1 Rfc8 19.Bh6 Bf8 20.Re3 Nd5 21.Nxd5 Bxd5 22.Bxd5 exd5
23.Rae1 Qc4 24.Bf4 d4 25.Rb3 d3 26.Qf3 Rd8 27.g3 Rd7 28.Rd1 Rad8 29.Bg5 Re8
30.Qf5 Re6 31.Be3 g6 32.Qf4 Qa6 33.Qe4 f5 34.Qf4 Bg7 35.Ra3 Qb5 36.Rxa7 Rxe5
37.b3 Re8 38.Ra4 Qd5 39.Rc4 Be5 40.Qh4 b5 41.Rcc1 Qf3 42.Rd2 Bb2 43.Rxb2 Rxe3
44.Qb4 Re8 45.Qxb5 Rde7 46.Qc4+ Kg7 47.Rf1 Re2 48.Qc3+ Kh6 49.Rd2 Rxd2 50.Qxd2+ Kh5
51.h3 Re2 52.Qb4 Qe4 53.Qxe4 fxe4 54.Ra1 Rb2 55.Kf1 Kg5 56.a4 Rxb3 57.a5 Rb7
58.a6 Ra7 59.Ke1 Kf6 60.Kd2 Ke5 61.Ke3 Kd5 62.g4 Kc4 63.Rc1+ Kb3 64.Rc6 Rd7
65.Kd2 Rf7 66.Rb6+ Kc4 67.Ke3 Kd5 68.Rb5+ Kc4 69.Ra5 Ra7 70.Kd2 Kb4 71.Ra1 Kc4
72.h4 Kb5 73.f3 exf3 74.Kxd3 Kb6 75.Ke3 Re7+ 76.Kxf3 Ka7 77.Kf4 h6 78.Ra5 Re1
79.h5 Rf1+ 80.Ke5 g5 81.Ra4 Rf2 82.Rd4 Re2+ 83.Kf5 Rf2+ 84.Kg6 Rf4 85.Rd7+ Kxa6
86.Kxh6 Rxg4 87.Kg7 Rh4 88.h6 g4 89.h7  1-0

[Event "TCh-BEL 2004-5"]
[Site "Belgium BEL"]
[Date "2004.09.26"]
[Round "2"]
[White "Michiels,R"]
[Black "Van den Brande,W"]
[Result "1/2-1/2"]
[WhiteElo "2267"]
[BlackElo "2237"]

1.e4 c5 2.c3 Nf6 3.e5 Nd5 4.d4 cxd4 5.Nf3 e6 6.cxd4 d6 7.Bc4 Nc6 8.O-O Be7
9.exd6 Qxd6 10.Nbd2 Nf6 11.Nb3 O-O 12.Bg5 b6 13.Qe2 Bb7 14.Rfd1 Nb4 15.Bh4 Nh5
16.Bg3 Nxg3 17.hxg3 Bd5 18.a3 Bxc4 19.Qxc4 Qd5 20.Rac1 Qxc4 21.Rxc4 Nd5 22.Rdc1 g6
23.Ne5 Rfd8 24.a4 f6 25.Nd3 Kf7 26.Rc6 Rd6 27.Nd2 Rxc6 28.Rxc6 Rd8 29.Nc4 Rd7
30.Rc8 Rc7 31.Rxc7 Nxc7 32.Kf1 Nd5 33.Ke2 Bf8 34.Ne3 Nc7 35.b4 Bh6 36.Ng4 Bg7
37.Kd2 Ke7 38.Ne3 Bh6 39.f4 Kd7 40.Kc3 Bf8 41.Kc4 Kd6 42.Nf2 Be7 43.Ne4+ Kd7
44.g4 f5 45.Nf2 a6 46.Nd3 Bd6 47.gxf5 gxf5 48.d5 exd5+ 49.Nxd5 b5+ 50.axb5 axb5+
51.Kd4 Ne6+ 52.Ke3 Kc6 53.Nf6 h6 54.g3 Nc7 55.Kd4 Ne6+  1/2-1/2

[Event "79th ch-ARG"]
[Site "Buenos Aires ARG"]
[Date "2004.09.26"]
[Round "3"]
[White "Aberbach,A"]
[Black "Giardelli,S"]
[Result "0-1"]
[WhiteElo "2095"]
[BlackElo "2434"]

1.e4 c5 2.c3 Nf6 3.e5 Nd5 4.d4 cxd4 5.Nf3 e6 6.cxd4 d6 7.Nc3 Nxc3 8.bxc3 Qc7
9.Bd2 Nd7 10.exd6 Bxd6 11.Bd3 b6 12.O-O Bb7 13.h3 O-O 14.Re1 Bf4 15.Bxf4 Qxf4
16.Ne5 Nxe5 17.Rxe5 Rac8 18.Qc1 Qxc1+ 19.Rxc1 Rc7 20.Re2 Rd8 21.Rec2 g5 22.f3 Bc6
23.Ba6 Ba4 24.Rd2 b5 25.Rb2 Rd6 26.Bxb5 Rb6 27.Bxa4 Rxb2 28.Bb3 Rd2  0-1

[Event "79th ch-ARG"]
[Site "Buenos Aires ARG"]
[Date "2004.09.26"]
[Round "4"]
[White "Ibar,M"]
[Black "Savinell,F"]
[Result "1/2-1/2"]
[WhiteElo "2314"]
[BlackElo "2075"]

1.e4 c5 2.c3 Nf6 3.e5 Nd5 4.Nf3 Nc6 5.d4 cxd4 6.cxd4 d6 7.Bc4 Nb6 8.Bb5 a6
9.Be2 dxe5 10.dxe5 Qxd1+ 11.Bxd1 g6 12.O-O Bg7 13.Re1 Nc4 14.Nc3 e6 15.Bf4 Nxb2
16.Be2 Nb4 17.Reb1 N2d3 18.Bg3 Nxe5 19.Bxe5 Bxe5 20.Nxe5 Nc2 21.a4 Nxa1 22.Rxa1 O-O
23.a5 f6 24.Nc4 Bd7 25.Nb6 Rad8 26.Bc4 Kg7 27.Ne4 Bc8 28.Rb1 f5 29.Ng5 h6
30.Nxe6+ Bxe6 31.Bxe6 Rfe8 32.Bd5 Re5 33.f4 Rexd5 34.Nxd5 Rxd5 35.Rxb7+ Kh8
36.Rb6 Rxa5 37.Rxg6 Kh7 38.Rb6 Ra2 39.h3 Kg7 40.Kh2 Ra3 41.g4 fxg4 42.hxg4 Rf3
43.Rb4 Ra3 44.Kg2 a5 45.Rb7+ Kg8 46.Ra7 a4 47.f5 Ra2+ 48.Kf3 Ra1 49.Kf4 a3
50.Ke5 Rg1 51.g5 Rxg5 52.Rxa3 Rg1 53.Kf6 Rb1 54.Ra8+ Kh7 55.Ra7+ Kg8 56.Kg6 Rg1+
57.Kf6 h5 58.Ra8+ Kh7 59.Re8 h4 60.Re4 Rh1 61.Ke7 h3 62.Rh4+ Kg8 63.Rg4+ Kh7
64.Rh4+ Kg8 65.Rg4+ Kh7 66.Rh4+ Kg8 67.Kf6 h2 68.Rh5 Ra1 69.Rxh2 Ra6+ 70.Kg5 Kf8
71.f6 Ra1 72.Rh8+ Kf7 73.Rh7+ Kf8 74.Rb7 Rg1+ 75.Kf5 Rf1+  1/2-1/2

[Event "VIII Itau Cup"]
[Site "Sao Paulo BRA"]
[Date "2004.09.26"]
[Round "2"]
[White "De Lima,D"]
[Black "Bittencourt,J"]
[Result "0-1"]
[WhiteElo "2074"]
[BlackElo "2353"]

1.e4 c5 2.c3 Nf6 3.e5 Nd5 4.d4 cxd4 5.Bc4 Nb6 6.Bb3 Nc6 7.cxd4 d5 8.Ne2 Bf5
9.Ng3 Bxb1 10.Rxb1 e6 11.O-O g6 12.Qd3 Qh4 13.Be3 Be7 14.Ne2 Bd8 15.g3 Qe7
16.Bh6 Qd7 17.Rbc1 Be7 18.a3 O-O-O 19.Nc3 Kb8 20.Na4 Nxa4 21.Bxa4 Rc8 22.Rc3 Rc7
23.Rfc1 Rhc8 24.Qd2 a6 25.Be3 b5 26.Bd1 Nd8 27.Be2 Rxc3 28.Rxc3 Rxc3 29.Qxc3 Kb7
30.Bd2 Qc6 31.Qb3 Qb6 32.Bb4 Bxb4 33.Qxb4 Nc6 34.Qf8 Qc7 35.Qc5 Qe7 36.Qc3 Qc7
37.Qc5 Ne7 38.b4 Qxc5 39.dxc5 Nc6 40.f4 Nd4 41.Bd1 a5 42.bxa5 Ka6 43.Kf2 Kxa5
44.Ke3 Nc6 45.Kd3 h5 46.Kc3 b4+ 47.axb4+ Nxb4 48.Be2 Nc6 49.Bd3 Ne7 50.Kb3 Nf5
51.Kc3 Ne3 52.Kd4 Nf5+ 53.Kc3 Ne7 54.Kb3 Nc8 55.Kc3 Na7 56.Kb3 Nb5 57.h3 Nc7
58.Kc3 Ka4 59.g4 Nb5+ 60.Kd2 hxg4 61.hxg4 Kb4 62.c6 Nc7 63.f5 gxf5 64.gxf5 Kc5
65.f6 Kd4 66.Bg6 Kxe5 67.Bxf7 Kxf6 68.Bh5 Ke7 69.Kc3 Kd6 70.Bf3 Kxc6 71.Kd4 Kd6
72.Bg2 e5+ 73.Kd3 Ne6 74.Bh1 e4+ 75.Ke3 Ke5 76.Ke2 Nf4+ 77.Kd2 Kd4 78.Ke1 Ke3
79.Kd1 d4 80.Ke1 d3 81.Kd1 Nh3 82.Kc1 d2+  0-1

[Event "TCh-Vojvodina"]
[Site "Sombor SCG"]
[Date "2004.09.26"]
[Round "2"]
[White "Nedeljkovic,Dj"]
[Black "Stajic,P"]
[Result "1/2-1/2"]
[WhiteElo "2202"]
[BlackElo "2210"]

1.e4 c5 2.c3 Nf6 3.e5 Nd5 4.d4 cxd4 5.cxd4 e6 6.Nc3 Nxc3 7.bxc3 Qc7 8.Bd2 d6
9.f4 Be7 10.Nf3 O-O 11.Bd3 b6 12.O-O Ba6 13.Bxa6 Nxa6 14.Qe2 Qb7 15.exd6 Bxd6
16.Ng5 Nc7 17.Rf3 Be7 18.Ne4 Ne8 19.Rh3 Nf6 20.Nxf6+ Bxf6 21.Qh5 Qe4 22.Rf1 Qg6
23.Qe2 h6 24.f5 exf5 25.Rg3 Qh7 26.Qh5 Kh8 27.Rh3 Qg6 28.Qxf5 Qxf5 29.Rxf5 Be7
30.a4 a6 31.Kf1 Rac8 32.d5 Kg8 33.Rd3 Bd6 34.Bf4 Rfd8 35.Bxd6 Rxd6 36.Rf4 Rc5
37.Rfd4 b5 38.axb5 axb5 39.Ke2 Kf8 40.Kd2 Ke7 41.Kc2 Kd7 42.Kb3 Kc7 43.h4 h5
44.Rf3 Rd7 45.Kb4 Kd6 46.Rf5 Rdc7 47.Rd3 Rc4+ 48.Kxb5 Rxc3 49.Rxc3 Rxc3 50.Rxh5 Rg3
51.Kc4 Rxg2 52.Rg5 Rxg5 53.hxg5 f6 54.gxf6 gxf6 55.Kd4 f5 56.Ke3 f4+ 57.Kxf4 Kxd5  1/2-1/2

[Event "79th ch-ARG"]
[Site "Buenos Aires ARG"]
[Date "2004.09.27"]
[Round "5"]
[White "Barrionuevo,P"]
[Black "Savinell,F"]
[Result "1/2-1/2"]
[WhiteElo "2239"]
[BlackElo "2075"]

1.e4 c5 2.c3 Nf6 3.e5 Nd5 4.d4 cxd4 5.cxd4 Nc6 6.Nc3 Nxc3 7.bxc3 d6 8.f4 e6
9.Nf3 d5 10.Bd3 Be7 11.O-O Qc7 12.Bd2 Na5 13.Qe2 Nc4 14.Be1 Bd7 15.Ng5 g6
16.Rf3 b5 17.Qf2 h5 18.Rh3 Rf8 19.Nf3 Bc6 20.Qe2 a6 21.Bh4 Qa5 22.Rc1 Qa3
23.Rc2 Bxh4 24.Nxh4 O-O-O 25.Nf3 Kb7 26.Ng5 Qe7 27.Nh7 Rh8 28.Nf6 Nb6 29.Rb2 Ka7
30.Rf3 Rb8 31.g4 hxg4 32.Nxg4 Rh4 33.Rg3 Rbh8 34.Qf2 Rh3 35.Bf1 Rxg3+ 36.hxg3 Qa3
37.Qc2 Nc4 38.Rb1 Qa5 39.Rb4 Qa3 40.Rb3 Qa4 41.Qf2 Qa5 42.Ne3 Ka8 43.Ng2 Nb6
44.Ne3 Nc4 45.Nd1 Nb6 46.Bg2 Nc4 47.Bf3 Ka7 48.Kg2 Qd8 49.Ne3 Nb6 50.Nc2 Qf8
51.Nb4 Bb7 52.Nd3 Qh6 53.Kg1 Qh3 54.Nc5 Bc6 55.Ra3 Na4 56.Nd3 Qf5 57.Be2 Qh3
58.Qg2 Qxg2+ 59.Kxg2 Rc8 60.Bd1 Nb6 61.Nc5 Bb7 62.Be2 Nc4 63.Rb3 Nb6 64.Rb1 Rh8
65.g4 Bc6 66.Rh1 Rxh1 67.Kxh1 Nd7 68.Nd3 Nb6 69.Nb2 Nc4 70.Nd1 a5 71.Kh2 b4
72.cxb4 axb4 73.Kg3 Nd2 74.Ne3 Ne4+ 75.Kh4 Nc3 76.Bd1 Nxa2 77.Kg5 Nc1 78.Kf6 b3
79.f5 exf5 80.gxf5 gxf5 81.Nxf5 Bd7 82.Nd6 b2 83.Bc2 Ne2 84.Kxf7 Nxd4 85.Bb1 Nb5
86.Ke7 Nxd6 87.Kxd6 Bg4 88.Kxd5 Kb6 89.Kd4 Kc6 90.Be4+ Kd7 91.Ke3 Be6 92.Bb1 Bd5
93.Kd4 Ke6 94.Bh7 Bc6 95.Bg8+ Ke7 96.Ba2 Bd7 97.Kc3 Be6  1/2-1/2

[Event "Monarch Assurance"]
[Site "Port Erin IOM"]
[Date "2004.09.27"]
[Round "3"]
[White "Spence,D"]
[Black "McNab,C"]
[Result "0-1"]
[WhiteElo "2236"]
[BlackElo "2427"]

1.e4 c5 2.c3 Nf6 3.e5 Nd5 4.d4 cxd4 5.Nf3 e6 6.cxd4 d6 7.a3 Bd7 8.Bd3 Bc6
9.O-O Nd7 10.b4 a6 11.Re1 Be7 12.Nbd2 dxe5 13.dxe5 Nc3 14.Qc2 Rc8 15.Qxc3 Bxf3
16.Qd4 Bc6 17.Nc4 Bd5 18.Bb2 Bxc4 19.Bxc4 Nb6 20.Bb3 O-O 21.Qe4 Rc7 22.Rad1 Qc8
23.Rd3 Rd8 24.Rh3 h6 25.Ba2 Nd7 26.Bb1 Nf8 27.Qg4 Rc4 28.f4 Bg5 29.Rf3 Rd2
30.Ba1 Qd8 31.Rff1 a5 32.bxa5 Qxa5 33.h4 Be7 34.Rf3 Rxg2+ 35.Qxg2 Qxe1+ 36.Rf1 Bc5+
37.Kh2 Qxh4+ 38.Qh3 Rxf4  0-1

[Event "Tatry Open"]
[Site "Tatranske Zruby SVK"]
[Date "2004.09.28"]
[Round "5"]
[White "Lednicky,M"]
[Black "Michenka,J"]
[Result "0-1"]
[WhiteElo "2225"]
[BlackElo "2351"]

1.e4 c5 2.c3 Nf6 3.e5 Nd5 4.Nf3 Nc6 5.d4 cxd4 6.Bc4 Nb6 7.Bb3 d5 8.exd6 Qxd6
9.cxd4 Be6 10.Nc3 Bxb3 11.Qxb3 e6 12.O-O Be7 13.Nb5 Qd8 14.Bf4 Rc8 15.Ne5 Nd5
16.Qg3 O-O 17.Bh6 Bf6 18.Rad1 Nce7 19.Bg5 Bxg5 20.Qxg5 a6 21.Nc3 f6 22.Qg4 Nxc3
23.Qxe6+ Kh8 24.bxc3 fxe5 25.dxe5 Qe8 26.f4 Nf5 27.Qb6 Rxc3 28.Rd2 Qc6 29.Qd8 Qc5+
30.Kh1 h6 31.Qd7 Ne3 32.Re1 Rc1 33.Re2 Qc3 34.Rg1 Rxg1+ 35.Kxg1 Rxf4  0-1

[Event "ZAZ Cup"]
[Site "Zaporozhye UKR"]
[Date "2004.09.28"]
[Round "11"]
[White "Onoprienko,V"]
[Black "Teterev,V"]
[Result "1/2-1/2"]
[WhiteElo "2374"]
[BlackElo "2460"]

1.e4 c5 2.c3 Nf6 3.e5 Nd5 4.d4 cxd4 5.Nf3 Nc6 6.Bc4 Nb6 7.Bb3 d5 8.exd6 Qxd6
9.O-O e6 10.cxd4 Be7 11.Nc3 a6 12.Be3 O-O  1/2-1/2

[Event "IMB Classic"]
[Site "Gausdal NOR"]
[Date "2004.09.30"]
[Round "10"]
[White "Blauert,J"]
[Black "Siebrecht,S"]
[Result "1/2-1/2"]
[WhiteElo "2356"]
[BlackElo "2340"]

1.e4 c5 2.c3 Nf6 3.e5 Nd5 4.d4 cxd4 5.Nf3 Nc6 6.cxd4 e6 7.Bc4 Nb6 8.Bb3 d6
9.Qe2 Be7 10.O-O O-O  1/2-1/2

[Event "Monarch Assurance"]
[Site "Port Erin IOM"]
[Date "2004.10.03"]
[Round "9"]
[White "Hutchinson,N"]
[Black "Bannink,B"]
[Result "0-1"]
[WhiteElo "2176"]
[BlackElo "2280"]

1.e4 c5 2.c3 Nf6 3.e5 Nd5 4.Nf3 e6 5.d4 cxd4 6.cxd4 d6 7.Nc3 Nxc3 8.bxc3 Qc7
9.Bd2 Nd7 10.Bd3 dxe5 11.O-O g6 12.Nxe5 Nxe5 13.Bf4 Bg7 14.dxe5 O-O 15.Qe1 Bd7
16.Rc1 Bc6 17.Qe3 Rfd8 18.Rfe1 Rd7 19.Bb1 b6 20.h4 Rd5 21.h5 Rc8 22.Qh3 Rc5
23.hxg6 hxg6 24.Bxg6 fxg6 25.Qxe6+ Kf8 26.Qxg6 Qf7 27.Qg4 Re8 28.e6 Qh5 29.Qg3 Kg8
30.Rcd1 Rxc3 31.Rd3 Rxd3 32.Qxd3 Qg4 33.Bg3 Rxe6 34.Qd8+ Kh7 35.Rc1 Qe4 36.Qh4+ Qxh4
37.Bxh4 Bd4 38.a4 a5 39.Bd8 Bc5 40.Rc4 Re4 41.Bxb6 Rxc4  0-1

[Event "Pre-Olym Tourn"]
[Site "Belo Horizonte BRA"]
[Date "2004.10.09"]
[Round "2"]
[White "Matsuura,E"]
[Black "Navarro,T"]
[Result "0-1"]
[WhiteElo "2474"]
[BlackElo "2150"]

1.e4 c5 2.c3 Nf6 3.e5 Nd5 4.d4 cxd4 5.Nf3 d6 6.Bc4 dxe5 7.Nxe5 e6 8.O-O Bd6
9.cxd4 O-O 10.Qh5 Qc7 11.Bd3 Nf6 12.Qe2 Nbd7 13.Re1 Rd8 14.Bf4 Nxe5 15.dxe5 Bb4
16.Rc1 Qd7 17.Bb5 Qd4 18.Bg5 h6 19.Nc3 hxg5 20.Rd1 Qb6 21.exf6 a6 22.Bd3 Bd7
23.fxg7 Bxc3 24.bxc3 Qc5 25.Be4 Bb5 26.Qf3 Qe5 27.Qe3 Kxg7 28.Bxb7 Qxe3 29.fxe3 Rab8
30.Rxd8 Rxd8 31.a4 Bc4 32.Bf3 Rd3 33.Kf2 Rxc3 34.e4 Kf6 35.Kg3 Be2 36.Rb1 Bd3
37.Rb4 Ra3 38.Kg4 Kg6 39.e5 Bf5+ 40.Kg3 g4  0-1

[Event "Essent Open"]
[Site "Hoogeveen NED"]
[Date "2004.10.15"]
[Round "1"]
[White "Van Leent,D"]
[Black "Smeets,J"]
[Result "1/2-1/2"]
[WhiteElo "2244"]
[BlackElo "2515"]

1.e4 c5 2.c3 Nf6 3.e5 Nd5 4.d4 cxd4 5.Nf3 e6 6.cxd4 b6 7.Nc3 Nxc3 8.bxc3 Qc7
9.Bd2 Bb7 10.Bd3 d6 11.O-O Nd7 12.Ng5 dxe5 13.Qh5 g6 14.Qh3 Be7 15.f4 Bxg5
16.fxg5 Qd6 17.Rae1 O-O 18.Bb5 Bc6 19.Bxc6 Qxc6 20.Rf3 exd4 21.cxd4 Qd5 22.Qh4 a5
23.Rh3 h5 24.gxh6 Kh7 25.Rg3 Rae8 26.Bc3 Qxa2 27.Rg5 Qc4 28.Re3 a4 29.Qf4 a3
30.Rf3 e5 31.Qd2 e4 32.Re3 f6 33.Rg4 Qd5 34.Ba1 a2 35.Ra3 f5 36.Rg5 Ra8 37.Rag3 Rg8
38.h4 Nf6 39.Qb4 Nh5 40.Rxh5 gxh5 41.Qe7+ Kxh6 42.Qf6+ Kh7 43.Qe7+  1/2-1/2

[Event "Essent Open"]
[Site "Hoogeveen NED"]
[Date "2004.10.16"]
[Round "2"]
[White "Goloshchapov,A"]
[Black "Lahaye,R"]
[Result "1-0"]
[WhiteElo "2566"]
[BlackElo "2330"]

1.e4 c5 2.c3 Nf6 3.e5 Nd5 4.d4 cxd4 5.Nf3 e6 6.cxd4 b6 7.Nc3 Nxc3 8.bxc3 Qc7
9.Bd2 Bb7 10.Bd3 d6 11.O-O Nd7 12.Ng5 dxe5 13.Qh5 g6 14.Qh3 Bg7 15.Rfe1 Kf8
16.Qxe6 fxe6 17.Nxe6+ Ke7 18.Nxc7 Rac8 19.Nb5 a6 20.Na3 Kf6 21.Nc4 exd4 22.Nd6 dxc3
23.Be3 Ke6 24.Nxb7 Rc7  1-0

[Event "36th Olympiad w"]
[Site "Calvia ESP"]
[Date "2004.10.17"]
[Round "3"]
[White "Paridar,S"]
[Black "Dembo,Y"]
[Result "1-0"]
[WhiteElo "2242"]
[BlackElo "2396"]

1.e4 c5 2.c3 Nf6 3.e5 Nd5 4.d4 cxd4 5.Nf3 Nc6 6.cxd4 d6 7.Bc4 e6 8.exd6 Qxd6
9.O-O Be7 10.Nc3 O-O 11.Ne4 Qd8 12.a3 Nf6 13.Qd3 Qa5 14.Bd2 Qf5 15.Nxf6+ Qxf6
16.Rfe1 Rd8 17.Bc3 Qg6 18.Qe2 Bd7 19.Rad1 Bf6 20.Rd3 Ne7 21.Ne5 Bxe5 22.dxe5 Bc6
23.Rg3 Qh6 24.Bd3 Rxd3 25.Qxd3 Nf5 26.Rg4 Qh5 27.h3 Nh6 28.Rd4 Qg5 29.g4 Qe7
30.Bd2 Kh8 31.Bxh6 gxh6 32.Rd1 Bd5 33.Qe3 Qh4 34.Qg3 Qxg3+ 35.fxg3 Rc8 36.Rf4 Kg7
37.Rdf1 Rc7 38.Kf2 Rc2+ 39.Ke3 Rc7 40.h4 a6 41.Kd2 Bb3 42.Rc1 Rd7+ 43.Ke3 Bd5
44.Rd4 f6 45.Kf4 Kf7 46.Rc8 Kg7 47.Rc1 Re7 48.g5 hxg5+ 49.hxg5 fxe5+ 50.Kxe5 Kg6
51.Kd6 Re8 52.Rc7 Rd8+ 53.Ke5 Rf8 54.Rh4 Rf5+ 55.Kd6 Rxg5 56.Rhxh7 Kf5 57.Rcg7 Rxg7
58.Rxg7  1-0